Central Library OPAC University of Rajshahi

African jungle memories / (Record no. 65517)

MARC details
000 -LEADER
fixed length control field 00642nam a2200229 a 4500
001 - CONTROL NUMBER
control field 65517
003 - CONTROL NUMBER IDENTIFIER
rucl marc code BD-RjUL
005 - DATE AND TIME OF LATEST TRANSACTION
control field 20211209081432.0
008 - FIXED-LENGTH DATA ELEMENTS--GENERAL INFORMATION
fixed length control field 170307s1958 enka 000 0 eng d
035 ## - SYSTEM CONTROL NUMBER
System control number (BD-RjUL)65647
040 ## - CATALOGING SOURCE
Original cataloging agency DLC
Transcribing agency IaAS
Modifying agency Uk
-- BD-RjUL
Language of cataloging eng
041 ## - LANGUAGE CODE
Language code of text/sound track or separate title eng
082 00 - DEWEY DECIMAL CLASSIFICATION NUMBER
Classification number 799.26
Edition number 23
Author mark and year BUA 1958
100 1# - MAIN ENTRY--PERSONAL NAME
Personal name Burger, John F.
Dates associated with a name 1888-
9 (RLIN) 193867
245 10 - TITLE STATEMENT
Title African jungle memories /
Statement of responsibility, etc. John F Burger
260 ## - PUBLICATION, DISTRIBUTION, ETC. (IMPRINT)
Place of publication, distribution, etc. London :
Name of publisher, distributor, etc. R. Hale
Date of publication, distribution, etc. 1958
300 ## - PHYSICAL DESCRIPTION
Pagination ix, 192 p. :
Illustrations ill. ;
Size 23 cm.
500 ## - GENERAL NOTE
General note Compiled from the author's diaries.
650 #0 - SUBJECT ADDED ENTRY--TOPICAL TERM
Topical term or geographic name as entry element Hunting
Geographic subdivision Africa.
9 (RLIN) 193868
942 ## - ADDED ENTRY ELEMENTS (KOHA)
Source of classification or shelving scheme Dewey Decimal Classification
Koha item type Books
Holdings
Lost status Source of classification or shelving scheme Damaged status Not for loan Collection code Permanent Location Current Location Shelving location Date acquired Source of acquisition Cost, normal purchase price Total Checkouts Full call number Date last seen Copy number Koha item type
  Dewey Decimal Classification   Not For Loan Non-fiction Central Library, University of Rajshahi Central Library, University of Rajshahi Reading Room 26/06/1963 Zeitlinger 18.00   799.26 BUA 1958 07/03/2017 C-1 Books